Reklamačný poriadok

Chápanie reklamačného poriadku. Reklamačný poriadok a zákon o ochrane spotrebiteľa. Návod na vyhotovenie reklamačného poriadku. Praktické príklady a odporúčania.

Enregistré dans:
Détails bibliographiques
Auteur principal: Malíková, Katarína
Format: Chapitre de livre
Langue:slovaque
Sujets:
Tags: Ajouter un tag
Pas de tags, Soyez le premier à ajouter un tag!

MARC

LEADER 00000naa a2200000 4500
001 r040652
005 20230919115453.0
041 0 |a slo 
044 |a SK 
245 1 0 |a Reklamačný poriadok  |c Katarína Malíková 
520 |a Chápanie reklamačného poriadku. Reklamačný poriadok a zákon o ochrane spotrebiteľa. Návod na vyhotovenie reklamačného poriadku. Praktické príklady a odporúčania. 
610 2 0 |a reklamácie 
610 2 0 |a ochrana spotrebiteľa 
610 2 0 |a ochrana právna 
610 2 0 |a zákonník občiansky 
610 2 0 |a spotrebitelia 
610 2 0 |a škody 
610 2 0 |a zodpovednosť za škody 
610 2 0 |a zodpovednosť za vady 
100 1 |a Malíková, Katarína